000 00545nam a22001937a 4500
005 20130610151901.0
010 _aENG-107581
020 _a9788132110859
_c545.00
035 _aEN-91114
037 _bDBAD/PUB
100 _aGill, Roger
245 _aTheory and practice of leadership /
_cby Roger Gill
250 _a2nd ed
260 _aNew Delhi
_bSage
_c2011
270 _aB1/I-1 Mohan Cooperative Industrial Area Mathura Road
_bNew Delhi
_e110044
300 _axviii,532p.
_c24cm(pbk)
500 _aIncludes index
942 _2ddc
_cEN
_mGIL
999 _c76546
_d76546